Loading...
| Beliefs | 11 | 16.36 | 100% | 46% | 18% |
| Fine Arts - Classical Music and Opera | 8 | 5.00 | 50% | 0% | 0% |
| Fine Arts - Other Fine Arts | 6 | 10.00 | 67% | 33% | 0% |
| Fine Arts - Visual Fine Arts | 7 | 11.43 | 86% | 29% | 0% |
| Geography | 4 | 17.50 | 75% | 50% | 50% |
| History - European History | 5 | 18.00 | 100% | 80% | 0% |
| History - Other History | 5 | 16.00 | 100% | 20% | 40% |
| History - US History | 6 | 16.67 | 100% | 33% | 33% |
| History - World History | 4 | 15.00 | 100% | 50% | 0% |
| Literature - American Literature | 4 | 15.00 | 75% | 75% | 0% |
| Literature - British Literature | 3 | 13.33 | 100% | 0% | 33% |
| Literature - European Literature | 4 | 20.00 | 100% | 100% | 0% |
| Literature - World Literature | 6 | 15.00 | 100% | 50% | 0% |
| Modern World | 3 | 13.33 | 100% | 33% | 0% |
| Other Academic | 2 | 15.00 | 100% | 50% | 0% |
| Philosophy | 5 | 10.00 | 100% | 0% | 0% |
| Science - Biology | 4 | 7.50 | 50% | 25% | 0% |
| Science - Chemistry | 4 | 7.50 | 25% | 50% | 0% |
| Science - Earth Science | 1 | 0.00 | 0% | 0% | 0% |
| Science - Other Science | 5 | 8.00 | 80% | 0% | 0% |
| Science - Physics | 3 | 16.67 | 100% | 67% | 0% |
| Social Science | 6 | 16.67 | 100% | 50% | 17% |